Insane Clown Posse - The Joker's Cards - Statistics

General Stats
  • This quiz has been taken 67 times
  • The average score is 9 of 11
Answer Stats
Release Year Answer % Correct
1992 Carnival of Carnage
95%
1994 The Ringmaster
92%
1995 Riddle Box
89%
1997 The Great Milenko
89%
2002 & 2004 The Wraith
87%
1999 The Amazing Jeckel Brothers
84%
2009 Bang! Pow! Boom!
82%
2019 Fearless Fred Fury
76%
2012 The Mighty Death Pop!
76%
2015 The Marvelous Missing Link
63%
2021 Yum Yum Bedlam
63%
No matching quizzes found
Score Distribution
Percent of People with Each Score
Percentile by Number Answered
Your Score History
You have not taken this quiz